000 00460cam a2200193 4500
001 D7093
008 090401t1955 xxu||||| |||| 00| 0 eng d
035 _a(Sirsi) u5135
041 _aeng
050 _a526.9
100 _aMiddleton, R.E.
245 2 _aA treatise on surveying. Revised by B.G. Manton
260 _aLondon
_bE and F N Spon
_c1955
300 _a2v. 23cm
350 _a0
700 _aChadwick, Osbert
942 _n0
948 _c04/03/1997
999 _c86124
_d86124